00665 2200277 4500001002100000005001500021035002000036007000300056008004100059020002200100082000800122084001400130100002300144245005100167260003100218300003000249650003200279250001000311990000900321990000900330990000900339990000900348990000900357990000900366990001200375INLIS00000000000028420170920020836 a0010-0917000270ta170920 f 0 ind  a978-979-033-846-3 a297 a297 AKH b0 aAkh. Muwafik Saleh1 aBekerja dengan Hati Nurani /cKhairi Rumantati aJakarta :bErlangga,c2009 a293hlm :bilus ;c15x16cm aIslam Sebagai Pedoman Hidup acet.1 a297s a297c a297c a297s a297s a297c a14098 A